Issues in economics today

Uloženo v:
Podrobná bibliografie
Hlavní autor: Guell, Robert C.
Médium: Kniha
Jazyk:English
Vydáno: Boston McGraw-Hill/Irwin 2010
Vydání:5th ed.
Edice:The McGraw-Hill series economics
Témata:
Tagy: Přidat tag
Žádné tagy, Buďte první, kdo otaguje tento záznam!
Thư viện lưu trữ: Mạng thư viện Đại học Đà Nẵng
LEADER 01104nam a2200337 4500
001 000021310
003 17757
005 20150416150401.0
008 150416s2010 engsd
020 |a 9780073375939 (alk. paper)  |a 0073375934 (alk. paper) 
041 0 |a eng 
082 1 4 |a 330|222  |b GU-R 
100 1 |a Guell, Robert C.  |q (Martin Stuart) 
245 1 0 |a Issues in economics today  |c Robert C. Guell 
250 |a 5th ed. 
260 |a Boston  |b McGraw-Hill/Irwin  |c 2010 
300 |a xxiv, 524 p.  |b ill.  |c 25 cm. 
490 |a The McGraw-Hill series economics 
500 |a Includes index 
650 0 |a Economics 
653 |a Kinh tế 
OWN |a LSP 
AVA |a UDN50  |b LSP  |d 330|222 GU-R  |e available  |t Error 5001 Not defined in file expand_doc_bib_avail.  |f 1  |g 0  |h N  |i 0  |k 1 
999 |a From the UDN01 
AVA |a UDN50  |b LSP  |d 330|222 GU-R  |e available  |t Error 5001 Not defined in file expand_doc_bib_avail.  |f 1  |g 0  |h N  |i 0  |k 1 
TYP |a Monograph 
TYP |a Printed language 
980 |a Mạng thư viện Đại học Đà Nẵng